000 00909nam a2200253 4500
005 20020327112551.0
008 710422s1970 enk b 000 0 eng
010 _aENG-92716
020 _c100.00
_a9788182400214
020 _c100.00
_a8182400228
035 _aEN-76249
037 _bDBAD / PUB
040 _adpl
_bEnglish
082 _a332.46
100 _aSubramani, M.
245 _aAn analysis of monetary policy /
_cby M. Subramani
260 _aNew Delhi
_bDhruv Publications
_c2007
270 _a493/4A, Ist Floor, Ansari Road, Daryaganj,
_bNew Delhi
_e110002
300 _a114p.
_c20cm (pbk)
650 _aMonetary policy
650 _aInflation (Finance)
942 _2ddc
_cEN
_mSUB
_h332.46
999 _c22687
_d22687